<?xml version="1.0" encoding="UTF-8"?>
<record
    xmlns:xsi="http://www.w3.org/2001/XMLSchema-instance"
    xsi:schemaLocation="http://www.loc.gov/MARC21/slim http://www.loc.gov/standards/marcxml/schema/MARC21slim.xsd"
    xmlns="http://www.loc.gov/MARC21/slim">

  <leader>00886cam a22002171  4500</leader>
  <controlfield tag="001">ne 65002201 </controlfield>
  <controlfield tag="003">DLC</controlfield>
  <controlfield tag="005">20260227111817.0</controlfield>
  <controlfield tag="008">841016s1965    le       b    000 0 arar </controlfield>
  <datafield tag="010" ind1=" " ind2=" ">
    <subfield code="a">ne 65002201 </subfield>
  </datafield>
  <datafield tag="035" ind1=" " ind2=" ">
    <subfield code="a">(OCoLC)11272245</subfield>
  </datafield>
  <datafield tag="040" ind1=" " ind2=" ">
    <subfield code="a">DLC</subfield>
    <subfield code="c">TxU</subfield>
    <subfield code="d">TxU</subfield>
    <subfield code="d">DLC</subfield>
  </datafield>
  <datafield tag="050" ind1="0" ind2="0">
    <subfield code="a">PJ7541</subfield>
    <subfield code="b">.M35</subfield>
  </datafield>
  <datafield tag="100" ind1="1" ind2=" ">
    <subfield code="a">Mal&#x1E25;as, Thurayy&#x101;.</subfield>
  </datafield>
  <datafield tag="245" ind1="1" ind2="3">
    <subfield code="a">al-Qiyam al-r&#x16B;&#x1E25;&#x12B;yah f&#x12B; al-shi&#x2BB;r al-&#x2BB;Arab&#x12B;,</subfield>
    <subfield code="b">qad&#x12B;mah wa-&#x1E25;ad&#x12B;thah, &#x1E25;att&#xE1; munta&#x1E63;af al-qarn al-&#x2BB;ishr&#x12B;n 1950 M.</subfield>
    <subfield code="c">[Ta&#x2BC;l&#x12B;f] Thurayy&#x101; &#x2BB;Abd al-Fatt&#x101;&#x1E25; Mal&#x1E25;as.</subfield>
  </datafield>
  <datafield tag="260" ind1=" " ind2=" ">
    <subfield code="a">Bayr&#x16B;t, Maktabat al-Madrasah wa-D&#x101;r al-Kit&#x101;b al-Lubn&#x101;n&#x12B; lil-&#x1E6C;ib&#x101;&#x2BB;ah wa-al-Nashr</subfield>
    <subfield code="c">[1965]</subfield>
  </datafield>
  <datafield tag="300" ind1=" " ind2=" ">
    <subfield code="a">431 p.</subfield>
    <subfield code="c">24 cm.</subfield>
  </datafield>
  <datafield tag="500" ind1=" " ind2=" ">
    <subfield code="a">Cover title: The spiritual values in Arabic poetry, ancient and modern, by Thurayya A.F. Malhas.</subfield>
  </datafield>
  <datafield tag="504" ind1=" " ind2=" ">
    <subfield code="a">Bibliography: p. 377-398.</subfield>
  </datafield>
  <datafield tag="650" ind1=" " ind2="0">
    <subfield code="a">Arabic poetry</subfield>
    <subfield code="x">History and criticism.</subfield>
  </datafield>
  <datafield tag="999" ind1=" " ind2=" ">
    <subfield code="c">48445</subfield>
    <subfield code="d">48445</subfield>
  </datafield>
</record>
